European General Knowledge #5 - Statistics

General Stats
  • This quiz has been taken 254 times
  • The average score is 11 of 20
Answer Stats
Question Answer % Correct
What body of water is west of Europe? Atlantic Ocean
84%
What type of Christianity is the most common in Russia? Eastern Orthodoxy
79%
Denmark
78%
What is the longest river in EU? Danube
77%
Which two countries are connected by Öresund Bridge? Sweden
77%
Who designed highest construction in Paris? Gustave Eiffel
75%
What city is capital of Slovakia? Bratislava
74%
What is the only country whose capital starts with K? Ukraine
70%
Whati Asian country is member of EU? Cyprus
61%
What American actress was Princes of Monaco? Grace Kelly
61%
Doubly landlocked country Liechtenstein
60%
Who is an author of James Bond? Ian Fleming
59%
What Dutch football club has same name like hero of Greek mythology? Ajax
50%
Who is the most famous Polish composer? Frédéric Chopin
45%
Who painted The Night Watch? Rembrandt van Rijn
39%
What is the name of an armed Basque separatist organization in northern Spain? E.T.A.
38%
Whati is European version of CONCACAF? UEFA
30%
What sea touches only The Black Sea? Sea of Azov
16%
What Yugoslav king, known as The Unifier was murdured in 1934 in Marseille? Alexander I
11%
What is the most popular Serbian music festival? Exit
9%
No matching quizzes found
Score Distribution
Percent of People with Each Score
Percentile by Number Answered
Your Score History
You have not taken this quiz